The Total man (Record no. 33594)

MARC details
000 -LEADER
fixed length control field 00247nam a2200109Ia 4500
082 ## - DEWEY DECIMAL CLASSIFICATION NUMBER
Classification number 82-3
Item number BEN
100 ## - MAIN ENTRY--AUTHOR NAME
Personal name Benson, Dan
245 #4 - TITLE STATEMENT
Title The Total man
260 ## - PUBLICATION, DISTRIBUTION, ETC. (IMPRINT)
Place of publication Bombay
Name of publisher Jaico
Year of publication 1978
942 ## - ADDED ENTRY ELEMENTS (KOHA)
Koha item type Books
Holdings
Withdrawn status Lost status Damaged status Not for loan Home library Current library Date acquired Cost, normal purchase price Full call number Accession Number Koha item type
        RRII Library RRII Library 16/12/2021 11.00 82-3 BEN 14066 Books